[Event "Groningen Chess Festival 2007"]
[Site "Groningen NED"]
[Date "2007.12.30"]
[Round "9.5"]
[White "Burg, Twan"]
[Black "Hoffmann, Michael"]
[Result "1/2-1/2"]
[PlyCount "49"]
[EventDate "2007.12.21"]
[EventType "swiss"]
[EventRounds "9"]
[EventCountry "NED"]
[Source "lmi"]
[SourceDate "2007.12.21"]
[WhiteElo "2275"]
[BlackElo "2471"]

1. e4 c6 2. d4 d5 3. exd5 cxd5 4. c4 Nf6 5. Nc3 e6 6. Nf3 Bb4 7. cxd5 Nxd5 8.
Qc2 Nc6 9. Bd3 Ba5 10. a3 Nxc3 11. bxc3 Nxd4 12. Nxd4 Qxd4 13. O-O Qe5 14. Be3
Bd7 15. Bd4 Qh5 16. Be4 Bc6 17. Bxc6+ bxc6 18. Bxg7 Rg8 19. Qe4 Rc8 20. Be5 Qg6
21. Qxg6 Rxg6 22. Rab1 Bb6 23. Rfd1 Rg5 24. Bd4 Rd5 25. Bxb6 1/2-1/2

[Event "Groningen Chess Festival 2007"]
[Site "Groningen NED"]
[Date "2007.12.30"]
[Round "9.6"]
[White "Nijboer, Friso"]
[Black "Hendriks, Willy"]
[Result "1/2-1/2"]
[PlyCount "39"]
[EventDate "2007.12.21"]
[EventType "swiss"]
[EventRounds "9"]
[EventCountry "NED"]
[Source "lmi"]
[SourceDate "2007.12.21"]
[WhiteElo "2559"]
[BlackElo "2402"]

1. e4 d6 2. d4 Nf6 3. Nc3 g6 4. Bg5 Bg7 5. f4 h6 6. Bh4 c5 7. e5 Nh5 8. dxc5
Nxf4 9. exd6 g5 10. Bf2 Nc6 11. Qd2 O-O 12. O-O-O exd6 13. h4 dxc5 14. hxg5
hxg5 15. Qxd8 Rxd8 16. Rxd8+ Nxd8 17. Ne4 Bf5 18. Nd6 Bg6 19. Nf3 Nde6 20. g3
1/2-1/2

[Event "Groningen Chess Festival 2007"]
[Site "Groningen NED"]
[Date "2007.12.30"]
[Round "9.7"]
[White "Simutowe, Amon"]
[Black "Van Oosterom, Chiel"]
[Result "1/2-1/2"]
[PlyCount "76"]
[EventDate "2007.12.21"]
[EventType "swiss"]
[EventRounds "9"]
[EventCountry "NED"]
[Source "lmi"]
[SourceDate "2007.12.21"]
[WhiteElo "2446"]
[BlackElo "2401"]

1. d4 d5 2. c4 c6 3. e3 Nf6 4. Nc3 Nbd7 5. Nf3 e6 6. Qc2 Bd6 7. b3 O-O 8. Be2
Qe7 9. O-O dxc4 10. bxc4 e5 11. c5 Bc7 12. a4 Re8 13. a5 e4 14. Nd2 Nf8 15. Nc4
Ng4 16. Nd6 Bxd6 17. cxd6 Qxd6 18. Bxg4 Bxg4 19. Nxe4 Qg6 20. f3 Bxf3 21. Rxf3
Rxe4 22. Rb1 Rb8 23. Ba3 b6 24. Bxf8 Kxf8 25. axb6 Re7 26. Qa2 axb6 27. Rc1 Kg8
28. Qa4 Rc7 29. d5 c5 30. Qf4 Rbc8 31. Rg3 Qd3 32. Qe5 g6 33. h4 Qd2 34. Rb1
Rd7 35. e4 Qd4+ 36. Qxd4 cxd4 37. Rd3 f5 38. Rxd4 fxe4 1/2-1/2

[Event "Groningen Chess Festival 2007"]
[Site "Groningen NED"]
[Date "2007.12.30"]
[Round "9.9"]
[White "Swinkels, Robin"]
[Black "Pijpers, Arthur"]
[Result "1-0"]
[PlyCount "64"]
[EventDate "2007.12.21"]
[EventType "swiss"]
[EventRounds "9"]
[EventCountry "NED"]
[Source "lmi"]
[SourceDate "2007.12.21"]
[WhiteElo "2433"]
[BlackElo "2000"]

1. e4 c5 2. Nf3 d6 3. d4 cxd4 4. Nxd4 Nf6 5. Nc3 g6 6. Be3 Bg7 7. f3 Nc6 8. Qd2
O-O 9. O-O-O d5 10. Kb1 Nxd4 11. e5 Nf5 12. exf6 Bxf6 13. Nxd5 Qxd5 14. Qxd5
Nxe3 15. Qd2 Nxd1 16. Qxd1 Be6 17. Bb5 Rfd8 18. Qe2 Rac8 19. Rd1 a6 20. Ba4 Bc4
21. Qe1 Rd5 22. Rxd5 Bxd5 23. Bb3 Bc6 24. Bc4 Rd8 25. Bd3 Rd6 26. Be4 Bd7 27.
c4 Rd4 28. b3 b6 29. Kc2 e5 30. Qb4 Bd8 31. Bd5 Bf5+ 32. Kb2 Bg5 1-0

[Event "Groningen Chess Festival 2007"]
[Site "Groningen NED"]
[Date "2007.12.30"]
[Round "9.10"]
[White "Michielsen, Joost"]
[Black "Pruijssers, Roeland"]
[Result "0-1"]
[PlyCount "90"]
[EventDate "2007.12.21"]
[EventType "swiss"]
[EventRounds "9"]
[EventCountry "NED"]
[Source "lmi"]
[SourceDate "2007.12.21"]
[WhiteElo "2309"]
[BlackElo "2408"]

1. e4 e5 2. Nf3 Nc6 3. Bb5 a6 4. Ba4 Nf6 5. O-O Be7 6. d3 b5 7. Bb3 d6 8. a4
Bb7 9. Bd2 b4 10. c3 a5 11. Re1 O-O 12. d4 exd4 13. cxd4 d5 14. e5 Ne4 15. Be3
f5 16. exf6 Bxf6 17. Nbd2 Kh8 18. Rc1 Qd6 19. Nxe4 dxe4 20. d5 exf3 21. dxc6
Qxd1 22. Rexd1 Bc8 23. Bc5 Re8 24. Bd4 fxg2 25. Kxg2 Bg4 26. f3 Re2+ 27. Kg3
Bxd4 28. Rxd4 Bf5 29. Rcd1 g6 30. R1d2 Rxd2 31. Rxd2 Kg7 32. Re2 Kf6 33. Bc4
Rd8 34. Bb5 Be6 35. Rc2 Rd5 36. Re2 Rd4 37. f4 Ke7 38. Re5 Kd6 39. Re2 Bd5 40.
Re8 Rd2 41. Rd8+ Kc5 42. Rd7 Rg2+ 43. Kh3 Rxb2 44. Rxc7 Rc2 45. Rd7 b3 0-1

[Event "Groningen Chess Festival 2007"]
[Site "Groningen NED"]
[Date "2007.12.30"]
[Round "9.12"]
[White "Vinke, Andreas"]
[Black "Reinderman, Dimitri"]
[Result "0-1"]
[PlyCount "78"]
[EventDate "2007.12.21"]
[EventType "swiss"]
[EventRounds "9"]
[EventCountry "NED"]
[Source "lmi"]
[SourceDate "2007.12.21"]
[WhiteElo "2173"]
[BlackElo "2510"]

1. c4 b6 2. Nf3 Bb7 3. g3 Bxf3 4. exf3 c5 5. d4 Nc6 6. d5 Nd4 7. Be3 Nf5 8. Bf4
e6 9. Nc3 Bd6 10. Bxd6 Nxd6 11. dxe6 dxe6 12. Qa4+ Qd7 13. Qxd7+ Kxd7 14. O-O-O
Kc7 15. f4 a6 16. b3 Ne7 17. Bd3 Nc6 18. Be4 Rad8 19. Bxc6 Kxc6 20. h3 b5 21.
cxb5+ axb5 22. Rhe1 b4 23. Na4 Nb5 24. Kb2 Na3 25. Kc1 g6 26. Kb2 Rhf8 27. Kc1
Rd5 28. Nb2 Ra8 29. Nd3 Nb5 30. Ne5+ Kc7 31. Rxd5 exd5 32. Nxf7 Rxa2 33. Re7+
Kb6 34. Re6+ Ka5 35. Rc6 c4 36. bxc4 Na3 37. Nd6 b3 38. Nb7+ Kb4 39. Rb6+ Kc3
0-1

[Event "Groningen Chess Festival 2007"]
[Site "Groningen NED"]
[Date "2007.12.30"]
[Round "9.13"]
[White "Van den Berg, Harmen"]
[Black "Hoeksema, Hendrik Pieter"]
[Result "1-0"]
[PlyCount "55"]
[EventDate "2007.12.21"]
[EventType "swiss"]
[EventRounds "9"]
[EventCountry "NED"]
[Source "lmi"]
[SourceDate "2007.12.21"]
[WhiteElo "2167"]
[BlackElo "2373"]

1. e4 e6 2. Nf3 d5 3. e5 c5 4. b4 cxb4 5. a3 d4 6. Bb2 Nc6 7. Bb5 Bd7 8. O-O
bxa3 9. Nxa3 Bc5 10. Nc4 Nh6 11. Nd6+ Bxd6 12. exd6 O-O 13. Re1 Nf5 14. Bd3
Nxd6 15. Nxd4 Qg5 16. Nf3 Qd5 17. Ne5 Be8 18. Ra4 Nf5 19. Rf4 Qd6 20. Qg4 f6
21. Nc4 Qd7 22. Ba3 Rf7 23. Rxf5 exf5 24. Bxf5 Qd4 25. Qh3 g6 26. Be6 Rd8 27.
Qh6 Kh8 28. Bb2 1-0

[Event "Groningen Chess Festival 2007"]
[Site "Groningen NED"]
[Date "2007.12.30"]
[Round "9.14"]
[White "Otte, Marijn"]
[Black "Geurink, Jasper"]
[Result "1-0"]
[PlyCount "99"]
[EventDate "2007.12.21"]
[EventType "swiss"]
[EventRounds "9"]
[EventCountry "NED"]
[Source "lmi"]
[SourceDate "2007.12.21"]
[WhiteElo "2155"]
[BlackElo "2339"]

1. e4 e6 2. d4 d5 3. Nd2 Nf6 4. e5 Nfd7 5. Bd3 c5 6. c3 Nc6 7. Ngf3 g6 8. O-O
Bg7 9. Re1 O-O 10. Nf1 cxd4 11. cxd4 Qb6 12. Bc2 f6 13. exf6 Nxf6 14. Re3 Bd7
15. Ng3 Ng4 16. Rb3 Qc7 17. Rc3 Qd6 18. h3 Nh6 19. Ne2 Rae8 20. Ba4 a6 21. Bxc6
Bxc6 22. Ne5 Bb5 23. Ng3 Nf7 24. a4 Bd7 25. f4 Nxe5 26. fxe5 Qb6 27. a5 Qd8 28.
Be3 Bb5 29. Qd2 Qe7 30. Rc5 Rf7 31. Rac1 Qf8 32. R1c3 Rd7 33. h4 Kh8 34. Bg5
Rf7 35. Rc7 Bc4 36. Rxf7 Qxf7 37. Rf3 Qc7 38. h5 Kg8 39. hxg6 hxg6 40. Qc2 Rf8
41. Rxf8+ Kxf8 42. b3 Qxa5 43. bxc4 Qa1+ 44. Kh2 Qxd4 45. cxd5 Qxd5 46. Qc8+
Kf7 47. Qc7+ Kg8 48. Bf6 Bh6 49. Qc8+ Kf7 50. Qh8 1-0

[Event "Groningen Chess Festival 2007"]
[Site "Groningen NED"]
[Date "2007.12.30"]
[Round "9.15"]
[White "Pel, Bonno"]
[Black "Clemens, Adrian HP"]
[Result "0-1"]
[PlyCount "76"]
[EventDate "2007.12.21"]
[EventType "swiss"]
[EventRounds "9"]
[EventCountry "NED"]
[Source "lmi"]
[SourceDate "2007.12.21"]
[WhiteElo "2280"]
[BlackElo "2316"]

1. g3 e5 2. Bg2 d5 3. d3 c6 4. Nf3 Bd6 5. e4 Ne7 6. O-O O-O 7. Nc3 d4 8. Ne2 c5
9. Nh4 Nbc6 10. f4 exf4 11. gxf4 Ng6 12. Nf3 Nh4 13. Rf2 Bg4 14. Ng3 f5 15. c3
Nxg2 16. Kxg2 fxe4 17. Nxe4 Bxf4 18. Qb3+ Kh8 19. Qxb7 Be3 20. Qxc6 Bxf2 21.
Ne5 Qh4 22. Nf7+ Kg8 23. Nxf2 Qh5 24. h3 Qxf7 25. Nxg4 h5 26. Nf6+ Qxf6 27.
Qxf6 Rxf6 28. cxd4 cxd4 29. Bg5 Rf5 30. Bh4 Rc8 31. Re1 Rc2+ 32. Kg1 Rf3 33.
Re8+ Kh7 34. Re5 Rxd3 35. Rxh5+ Kg6 36. Rg5+ Kh6 37. Re5 Rd1+ 38. Be1 d3 0-1

[Event "Groningen Chess Festival 2007"]
[Site "Groningen NED"]
[Date "2007.12.30"]
[Round "9.16"]
[White "Van Kampen, Robin Oscar"]
[Black "Kuipers, Stefan"]
[Result "1/2-1/2"]
[PlyCount "48"]
[EventDate "2007.12.21"]
[EventType "swiss"]
[EventRounds "9"]
[EventCountry "NED"]
[Source "lmi"]
[SourceDate "2007.12.21"]
[WhiteElo "2252"]
[BlackElo "2283"]

1. e4 c5 2. Nf3 Nc6 3. d4 cxd4 4. Nxd4 Nf6 5. Nc3 e5 6. Ndb5 d6 7. Bg5 a6 8.
Na3 b5 9. Nd5 Be7 10. Bxf6 Bxf6 11. c4 b4 12. Nc2 a5 13. g3 O-O 14. Bg2 Bg5 15.
O-O Ne7 16. Nxe7+ Qxe7 17. f4 exf4 18. gxf4 Bf6 19. Rb1 Bb7 20. Re1 Qc7 21. b3
Bc3 22. Re2 Rae8 23. Qd3 f5 24. exf5 Rxe2 1/2-1/2

[Event "Groningen Chess Festival 2007"]
[Site "Groningen NED"]
[Date "2007.12.30"]
[Round "9.17"]
[White "Kamali, Mehran"]
[Black "Van Ketel, Raoul"]
[Result "0-1"]
[PlyCount "86"]
[EventDate "2007.12.21"]
[EventType "swiss"]
[EventRounds "9"]
[EventCountry "NED"]
[Source "lmi"]
[SourceDate "2007.12.21"]
[WhiteElo "1988"]
[BlackElo "2336"]

1. e4 e6 2. d4 d5 3. Nc3 dxe4 4. Nxe4 Nd7 5. Nf3 Ngf6 6. Nxf6+ Nxf6 7. c3 c5 8.
Be3 Qc7 9. Ne5 a6 10. Qa4+ Nd7 11. Bb5 cxd4 12. Bxd7+ Bxd7 13. Qxd4 Bb5 14. a4
Bd6 15. Nxf7 Kxf7 16. axb5 axb5 17. Rd1 Rhd8 18. Qe4 h6 19. h4 Ra4 20. Qh7 Be5
21. Rh3 Rxd1+ 22. Kxd1 Ra1+ 23. Kc2 Qc4 24. Rf3+ Ke7 25. Kd2 Qd5+ 26. Bd4 Bxd4
27. cxd4 Qxd4+ 28. Rd3 Qxf2+ 29. Kc3 Qc5+ 30. Kd2 Qc1+ 31. Ke2 Qf1+ 32. Ke3
Re1+ 33. Kd4 Qf4+ 34. Kc5 Rc1+ 35. Rc3 Rxc3+ 36. bxc3 Qc4+ 37. Kb6 Qxc3 38.
Kxb7 b4 39. Qe4 b3 40. h5 b2 41. Qh4+ Kd6 42. Qd8+ Ke5 43. Qb8+ Ke4 0-1

[Event "Groningen Chess Festival 2007"]
[Site "Groningen NED"]
[Date "2007.12.30"]
[Round "9.19"]
[White "Heemskerk, Wim"]
[Black "Pham, Toan Thanh"]
[Result "1/2-1/2"]
[PlyCount "45"]
[EventDate "2007.12.21"]
[EventType "swiss"]
[EventRounds "9"]
[EventCountry "NED"]
[Source "lmi"]
[SourceDate "2007.12.21"]
[WhiteElo "2230"]
[BlackElo "2100"]

1. Nf3 c5 2. c4 g6 3. g3 Bg7 4. Bg2 Nc6 5. Nc3 e6 6. O-O Nge7 7. e3 O-O 8. d4
cxd4 9. Nxd4 d5 10. cxd5 Nxd4 11. exd4 Nxd5 12. Nxd5 exd5 13. Qb3 Be6 14. Be3
Qd7 15. Rfc1 Rfc8 16. a4 a6 17. h4 h5 18. Rc3 Rxc3 19. bxc3 Rc8 20. Bd2 Bf6 21.
Rb1 Rc7 22. a5 Qc6 23. Bf4 1/2-1/2

[Event "Groningen Chess Festival 2007"]
[Site "Groningen NED"]
[Date "2007.12.30"]
[Round "9.21"]
[White "Hoffmann, Ron"]
[Black "Cako, Laszlo"]
[Result "1/2-1/2"]
[PlyCount "23"]
[EventDate "2007.12.21"]
[EventType "swiss"]
[EventRounds "9"]
[EventCountry "NED"]
[Source "lmi"]
[SourceDate "2007.12.21"]
[WhiteElo "2158"]
[BlackElo "2168"]

1. d4 Nf6 2. Nf3 e6 3. e3 d5 4. Bd3 Be7 5. O-O O-O 6. b3 b6 7. Bb2 Bb7 8. Nbd2
Nbd7 9. Ne5 Ne4 10. f4 Nxd2 11. Qxd2 f5 12. c4 1/2-1/2

[Event "Groningen Chess Festival 2007"]
[Site "Groningen NED"]
[Date "2007.12.30"]
[Round "9.23"]
[White "Kuling, Lody"]
[Black "Goudriaan, Etienne"]
[Result "1-0"]
[PlyCount "73"]
[EventDate "2007.12.21"]
[EventType "swiss"]
[EventRounds "9"]
[EventCountry "NED"]
[Source "lmi"]
[SourceDate "2007.12.21"]
[WhiteElo "2213"]
[BlackElo "2123"]

1. e4 c5 2. Nf3 d6 3. Bb5+ Nd7 4. d4 Ngf6 5. Nc3 a6 6. Bxd7+ Nxd7 7. O-O e6 8.
Bg5 Qc7 9. Re1 cxd4 10. Qxd4 Ne5 11. Na4 b5 12. Nb6 Rb8 13. Nxc8 Nxf3+ 14. gxf3
Rxc8 15. a4 Qc4 16. Qxc4 bxc4 17. b4 cxb3 18. cxb3 Be7 19. Be3 Kd7 20. b4 Rb8
21. b5 axb5 22. axb5 Rhc8 23. Ra7+ Ke8 24. b6 Bd8 25. Rb1 Rc6 26. Kg2 d5 27. b7
dxe4 28. fxe4 Bc7 29. Ra8 Kd7 30. Ba7 Rd8 31. Rxd8+ Kxd8 32. Bb6 Rxb6 33. Rxb6
Bb8 34. Rc6 Bc7 35. Rc3 Kd7 36. h3 g6 37. Kf3 1-0

[Event "Groningen Chess Festival 2007"]
[Site "Groningen NED"]
[Date "2007.12.30"]
[Round "9.24"]
[White "Wielenga, Wiebe"]
[Black "Kleijn, Christov"]
[Result "1-0"]
[PlyCount "143"]
[EventDate "2007.12.21"]
[EventType "swiss"]
[EventRounds "9"]
[EventCountry "NED"]
[Source "lmi"]
[SourceDate "2007.12.21"]
[WhiteElo "2118"]
[BlackElo "2210"]

1. Nf3 Nf6 2. d4 e6 3. c4 c5 4. g3 d5 5. cxd5 Nxd5 6. Bg2 Nc6 7. O-O Nf6 8. Ne5
Nxe5 9. dxe5 Nd7 10. Qa4 Be7 11. Rd1 O-O 12. Nc3 Qc7 13. Ne4 Nb6 14. Qc2 Qxe5
15. Be3 Bd7 16. Nxc5 Bc6 17. Bxc6 bxc6 18. Nd7 Nxd7 19. Rxd7 Bf6 20. Bd4 Qg5
21. Bxf6 Qxf6 22. Rad1 Qe5 23. Qxc6 Qxe2 24. R1d2 Qe1+ 25. Kg2 Rab8 26. Qc7
Qe4+ 27. f3 Qe1 28. Qxa7 Rbc8 29. Qf2 Qb1 30. b3 h6 31. Rb2 Qf5 32. Rd1 Rc3 33.
b4 Qb5 34. Qe2 Qb6 35. a4 Ra3 36. a5 Qb7 37. Rd6 Qc7 38. Qd2 Ra1 39. Rc2 Qb7
40. Rb6 Qe7 41. Qd6 Qf6 42. Rb8 Rxb8 43. Qxb8+ Kh7 44. Qf4 Qd8 45. Rd2 Qc8 46.
Qe4+ f5 47. Qc2 Qb7 48. Qc3 Ra4 49. Rb2 Qb5 50. Qd2 Ra1 51. Qe2 Qd5 52. a6 Qd4
53. Qf2 Qxf2+ 54. Kxf2 Rxa6 55. b5 Rb6 56. f4 Kg6 57. Ke3 Kf6 58. Kd4 Rb8 59.
b6 g5 60. b7 gxf4 61. gxf4 h5 62. h4 Ke7 63. Kc5 e5 64. fxe5 Ke6 65. Kd4 Kd7
66. Kd5 Kc7 67. e6 f4 68. Ke5 f3 69. e7 Kd7 70. Kf6 f2 71. Rxf2 Ke8 72. Rd2 1-0